书目信息 |
| 题名: |
网络数据库技术基础
|
|
| 作者: | 邱慧宁 编著 | |
| 分册: | ||
| 出版信息: | 北京 冶金工业出版社 2004.09 |
|
| 页数: | 327页 | |
| 开本: | 26cm | |
| 丛书名: | ||
| 单 册: | ||
| 中图分类: | TP311.138 | |
| 科图分类: | ||
| 主题词: | 软件 | |
| 电子资源: | ||
| ISBN: | 7-5024-3604-9 | |
| 000 | 00596nam0 2200193 450 | |
| 001 | 0853622030 | |
| 005 | 20080303145542.34 | |
| 010 | @a7-5024-3604-9@dCNY35.00 | |
| 100 | @a20080303d2004 km y0chiy0120 ea | |
| 101 | 0 | @achi |
| 102 | @aCN@b110000 | |
| 200 | 1 | @a网络数据库技术基础@Awang luo shu ju ku ji shu ji chu@f邱慧宁等编著@Fqiu hui ning deng bian zhu |
| 210 | @a北京@c冶金工业出版社@d2004.09 | |
| 215 | @a327页@d26cm | |
| 606 | 0 | @a软件 |
| 690 | @aTP311.138@v4 | |
| 701 | 0 | @a邱慧宁@Aqiu hui ning@4编著 |
| 801 | 0 | @aCN@b大连网信软件有限公司图书馆·11@c20080303 |
| 905 | @aZUCC@dTP311.138@eQ725 | |
| 网络数据库技术基础/邱慧宁等编著.-北京:冶金工业出版社,2004.09 |
| 327页;26cm |
| ISBN 7-5024-3604-9:CNY35.00 |
| ● |
| 相关链接 |
|
|
|
正题名:网络数据库技术基础
索取号:TP311.138/Q725
 
预约/预借
| 序号 | 登录号 | 条形码 | 馆藏地/架位号 | 状态 | 备注 |
| 1 | 479279 | 204792796 | 期刊室512/ [索取号:TP311.138/Q725] | 在馆 |